Elsa y Max de paseo por París / (Registro nro. 172990)

Detalles MARC
000 -CABECERA
campo de control de longitud fija 00712nam a2200229 u 4500
005 - FECHA Y HORA DE LA ÚLTIMA TRANSACCIÓN
campo de control 20220916063536.0
008 - ELEMENTOS DE LONGITUD FIJA--INFORMACIÓN GENERAL
campo de control de longitud fija 141126s2007 r 000 0 eng d
020 ## - NÚMERO INTERNACIONAL NORMALIZADO PARA LIBROS
Número Internacional Estándar del Libro 9788478719464
035 ## - NÚMERO DE CONTROL DEL SISTEMA
Número de control de sistema UPN01000200889
049 ## - COLECCIÓN
Colección I
050 #4 - SIGNATURA TOPOGRÁFICA DE LA BIBLIOTECA DEL CONGRESO
Número de clasificación PZ7
Número de documento/Ítem M3.4
100 1# - ASIENTO PRINCIPAL--NOMBRE PERSONAL
Nombre de persona McClintock, Barbara
9 (RLIN) 36467
245 10 - MENCIÓN DE TÍTULO
Título Elsa y Max de paseo por París /
Mención de responsabilidad, etc. Barbara McClintok ; tr. María Obiols.
260 ## - PUBLICACIÓN, DISTRIBUCIÓN, ETC.
Lugar de publicación, distribución, etc. Barcelona, Esp. :
Nombre del editor, distribuidor, etc. RBA Libros,
Fecha de publicación, distribución, etc. 2007.
300 ## - DESCRIPCIÓN FÍSICA
Extensión [30] p. :
Otras características físicas il. col.
440 #0 - MENCIÓN DE SERIE/ASIENTO SECUNDARIO--TÍTULO
Título Molino
534 ## - NOTA SOBRE LA VERSIÓN ORIGINAL
Frase introductoria Título original:
Mención de título del original Adéle and Simon
650 #7 - ASIENTO SECUNDARIO DE MATERIA - TERMINO TEMATICO
Término de materia o nombre geográfico como elemento de entrada Literatura infantil estadounidense
Fuente del encabezamiento o término
9 (RLIN) 9173
651 #4 - ASIENTO SECUNDARIO DE MATERIA - NOMBRE GEOGRAFICO
Nombre geográfico PARIS, FRANCIA -
Subdivisión general DESCRIPCION Y VIAJES
9 (RLIN) 8151
905 ## - TIPO DE MATERIAL
Tipo de material Infantil
Existencias
Estado de retiro Estado de pérdida Fuente del sistema de clasificación o colocación Estado dañado No para préstamo Código de colección Localización permanente Ubicación/localización actual Ubicación en estantería Fecha de adquisición Total de préstamos Clasificación Código de barras Fecha visto por última vez Fecha del último préstamo Número de copia Tipo de ítem Koha
    Library of Congress Classification     Infantil Bib. Gregorio Torres Quintero Bib. Gregorio Torres Quintero Sala infantil Planta baja 09/11/2022 2 PZ7 M3.4 300595 17/04/2023 23/03/2023 1 Libro